Varianty a priority hospodárskej politiky

Prejavy rôznych nerovnováh hospodárskej politiky: cenovej nerovnováhy (inflácia), vonkajšej nerovnováhy (schodok bežného účtu platobnej bilancie), nerovnováhy na trhu práce (nezamestnanosť) a na peňažnom trhu (vysoké úrokové miery). Kombinácia riešení pre odstránenie hospodárskej nerovnováhy. Inform...

ver descrição completa

Na minha lista:
Detalhes bibliográficos
Autor principal: Páleník, Viliam
Outros Autores: Okáli, Ivan
Formato: Capítulo de Livro
Idioma:eslovaco
Assuntos:
Tags: Adicionar Tag
Sem tags, seja o primeiro a adicionar uma tag!

MARC

LEADER 00000naa a2200000 4500
001 r034641
005 20230824100245.3
041 0 |a slo 
044 |a SK 
245 1 0 |a Varianty a priority hospodárskej politiky  |c Viliam Páleník, Ivan Okáli 
520 |a Prejavy rôznych nerovnováh hospodárskej politiky: cenovej nerovnováhy (inflácia), vonkajšej nerovnováhy (schodok bežného účtu platobnej bilancie), nerovnováhy na trhu práce (nezamestnanosť) a na peňažnom trhu (vysoké úrokové miery). Kombinácia riešení pre odstránenie hospodárskej nerovnováhy. Informačná nerovnováha v ekonomických oblastiach spôsobená obmedzenou komunikáciou. 
610 2 0 |a nerovnováha hospodárska 
610 2 0 |a politika hospodárska 
610 2 0 |a Slovensko 
610 2 0 |a inflácia 
610 2 0 |a trh práce 
610 2 0 |a nezamestnanosť 
610 2 0 |a bilancia platobná 
610 2 0 |a rozpočet štátny 
610 2 0 |a politika menová 
610 2 0 |a trh peňažný 
610 2 0 |a miera úroková 
610 2 0 |a komunikácia 
100 1 |a Páleník, Viliam 
700 1 |a Okáli, Ivan